Statistics for The Weeknd Discography (Hard)

Click here to take the quiz!

General Stats

  • This quiz has been taken 87 times
  • The average score is 13 of 14

Answer Stats

YearTypeName% Correct
2016Solo AlbumStarboy
100%
2013Solo AlbumKiss Land
99%
2020Solo AlbumAfter Hours
97%
2020EPAfter Hours (Remixes)
97%
2015Solo AlbumBeauty Behind The Madness
96%
2022Solo AlbumDawn FM
96%
2018EPMy Dear Melancholy
96%
2022EPThe Dawn FM Experience
96%
2011MixtapeHouse Of Balloons
95%
2011MixtapeThursday
93%
2011MixtapeEchoes Of Silence
92%
2012Compilation AlbumTrilogy
89%
2021Compilation AlbumThe Highlights
68%
2018Compilation AlbumThe Weeknd In Japan
38%

Score Distribution

Percentile by Number Answered

Percent of People with Each Score

Your Score History

You have not taken this quiz